| 000 | 00757cam a2200205 4500 | ||
|---|---|---|---|
| 001 | ABS66305 | ||
| 008 | 030203n2003 000 0 eng u | ||
| 035 | _a(Sirsi) u121217 | ||
| 245 | _aSpecial report: auctions | ||
| 260 | _c2003 | ||
| 490 |
_aProperty Week _v68(1) 10 January 2003, 43-46(4) |
||
| 520 | _aThis article looks at the success of auction departments in surveying practices. Although it is hard to quantify the financial contribution of auctions to firms, the article outlines the increasing profile of the auction departments. Graph. | ||
| 590 | _aABS | ||
| 650 | _aAUCTION HOUSES | ||
| 650 | _aSURVEYING PRACTICES | ||
| 650 | _aPERFORMANCE | ||
| 650 | _aPROPERTY-COMMERCIAL PROPERTY | ||
| 690 |
_aAuctioneering _96218 |
||
| 942 | _n0 | ||
| 999 |
_c72036 _d72036 |
||